000 00720nam a22002057a 4500
999 _c135962
_d135962
005 20181103174041.0
010 _aB-223423,B-223447
020 _c315.00
_a8178122502
035 _aB-223423,B-223447
037 _bCen Lib/Ret
082 _a020
_bPAN
100 _aPandey, Ravindra
245 _aR.Gupta's popular master guide : UGC-NET/SLET :
_blibrary and information science /
_cby Ravindra Pandey
260 _aNew Delhi
_bRamesh Publishing House
_c2008
270 _a12-H, New Aryaganj, Opp. Traffic Kotwali
_bNew Delhi
_e110002
300 _avarious pagings
_c23cm(pbk)
650 _aLibrary and information science -- guide
650 _aUGC-NET -- guide
942 _2ddc
_cEN
_h020
_mPAN